00542nam a2200205Ia 4500001000700000003000500007008004100012010001100053040000900064082001400073100002100087245005700108260002500165300002000190440003300210500003100243503000500274650001700279650004000296Z_3015CHAP220113s9999 xx 000 0 und d a166102 cCHAP a584.9 L3y aLanger, R. H. M. aComo crecen las gramíneas /cpor R. H. M. Langer as.l. :bs.e.,c  a65 p. : láms. aEstudio en biología no. 34 aFotocopía c. 10 original a aGramíneas  aPastosxFisiología y morfología